Geología
Saved in:
| Hovedforfatter: | |
|---|---|
| Format: | Bog |
| Sprog: | spansk |
| Udgivet: |
Santiago
Nascimento
1950
|
| Udgivelse: | 2a. ed |
| Fag: | |
| Tags: |
Tilføj Tag
Ingen Tags, Vær først til at tagge denne postø!
|
MARC
| LEADER | 00000nam a2200000 a 4500 | ||
|---|---|---|---|
| 001 | UCU4585 | ||
| 003 | CL-VaPUC | ||
| 008 | 960524e19500000CL |||||||||||||||||spa|d | ||
| 082 | 0 | 4 | |a 551 |b BRU |2 21 |
| 100 | |a Bruggen, Juan |e author |9 362414 | ||
| 245 | 1 | 0 | |a Geología |
| 250 | |a 2a. ed | ||
| 300 | |a 510 p | ||
| 942 | |c BK | ||
| 945 | |d 19960524 00:00:00 |a cmena | ||
| 260 | |a Santiago |b Nascimento |c 1950 | ||
| 650 | 0 | |a Geología |9 260984 | |
| 650 | 7 | |a ESTRATIGRAFIA |2 CL-VaPUC |9 361507 | |
| 650 | 0 | |a Rocas |9 266105 | |
| 650 | 7 | |a SEDIMENTOLOGIA |2 CL-VaPUC |9 361448 | |
| 650 | 0 | |a Sismología |9 268106 | |
| 650 | 0 | |a Aguas subterráneas |9 260378 | |
| 650 | 0 | |a Vulcanología |9 360597 | |
| 583 | |a last modification |c 19960524 00:00:00 |k Rodrigo Vera | ||
| 999 | |c 248259 |d 248257 | ||